Monty Python figure out the lyrics 3 Quiz Stats

 Plays Quiz not verified by Sporcle

Challenge
Share
Tweet
Embed
Score 0/182 Timer 12:00
0 Plays Today
% Correct
I
98.7%
I
98.7%
I
98.7%
I
98.7%
I
98.7%
I
98.7%
I
98.7%
I
98.7%
I
98.7%
I
98.7%
I
98.7%
I
98.7%
I
98.7%
I
98.7%
I
98.7%
I
98.7%
I
98.7%
I
98.7%
I
98.7%
I
98.7%
I
98.7%
I
98.7%
is
67.2%
is
67.2%
when
52.2%
when
52.2%
when
52.2%
when
52.2%
like
51.6%
like
51.6%
like
51.6%
no
51.6%
like
51.6%
like
51.6%
like
51.6%
like
51.6%
like
51.6%
no
51.6%
like
51.6%
like
51.6%
like
51.6%
like
51.6%
like
51.6%
like
51.6%
they
51.6%
they
51.6%
like
51.6%
like
51.6%
like
51.6%
like
51.6%
like
51.6%
like
51.6%
are
51.1%
are
51.1%
He
50.8%
He
50.8%
He
50.8%
He
50.8%
He
50.8%
he
50.8%
He
50.8%
% Correct
He
50.8%
he
50.8%
He
50.8%
He
50.8%
He
50.8%
He
50.8%
He
50.8%
what
46.5%
what
46.5%
not
44.6%
not
44.6%
not
44.6%
my
43.8%
But
43.5%
but
43.5%
but
43.5%
but
43.5%
where
42.5%
where
42.5%
That
41.7%
that
41.7%
only
34.4%
only
34.4%
they're
33.9%
they're
33.9%
green.
28.5%
green.
28.5%
said.
28.2%
said.
28.2%
red.
28%
red
28%
traffic
27.7%
lights.
27.7%
traffic
27.7%
lights.
27.7%
traffic
27.7%
lights
27.7%
traffic
27.7%
lights.
27.7%
traffic
27.7%
lights.
27.7%
traffic
27.7%
lights.
27.7%
traffic
27.7%
lights.
27.7%
traffic
27.7%
lights,
27.7%
traffic
27.7%
lights.
27.7%
traffic
27.7%
lights.
27.7%
traffic
27.7%
lights,
27.7%
traffic
27.7%
lights.
27.7%
traffic
27.7%
lights.
27.7%
traffic
27.7%
lights,
27.7%
traffic
27.7%
lights.
27.7%
% Correct
traffic
27.7%
lights.
27.7%
traffic
27.7%
lights,
27.7%
traffic
27.7%
lights.
27.7%
traffic
27.7%
lights.
27.7%
traffic
27.7%
lights,
27.7%
traffic
27.7%
lights.
27.7%
traffic
27.7%
lights,
27.7%
traffic
27.7%
lights.
27.7%
traffic
27.7%
lights.
27.7%
traffic
27.7%
lights.
27.7%
traffic
27.7%
lights.
27.7%
traffic
27.7%
lights,
27.7%
traffic
27.7%
lights.
27.7%
traffic
27.7%
lights.
27.7%
traffic
27.7%
lights,
27.7%
traffic
27.7%
lights.
27.7%
traffic
27.7%
lights.
27.7%
traffic
27.7%
lights.
27.7%
been.
27.2%
likes
27.2%
likes
27.2%
likes
27.2%
been.
27.2%
likes
27.2%
likes
27.2%
likes
27.2%
likes
27.2%
likes
27.2%
likes
27.2%
likes
27.2%
likes
27.2%
likes
27.2%
likes
27.2%
they've
24.7%
they've
24.7%
matter
23.1%
matter
23.1%
oh
21.5%
name's
20.2%
although
19.1%
Bamber
16.9%
God!
14.5%

You're not logged in!

Compare scores with friends on all Sporcle quizzes.
OR
Log In

You Might Also Like...

Show Comments

Extras

Top Quizzes Today


Score Distribution

Your Account Isn't Verified!

In order to create a playlist on Sporcle, you need to verify the email address you used during registration. Go to your Sporcle Settings to finish the process.

Report this User

Report this user for behavior that violates our Community Guidelines.

Details: